000 00657nam a2200229 i 4500
001 bg
100 1 _aMAGAS, Stanisław
245 1 0 _aTechnika izotopowa /
_cStanisław Magas ; Politechnika Poznańska.
260 _aPoznań :
_bWydaw. PP,
_c1994.
300 _a151, [1] s. :
_brys., wykr. ;
_c24 cm.
504 _aBibliogr. s. [152].
650 9 _aIzotopy promieniotwórcze
_xstosowanie
650 9 _aRadiochemia
655 _aPodręczniki akademickie
020 _a8371430000
040 _cBPK
041 0 _apl
080 _a621.039.8:539.18+541.15](075.8)
920 _a83-7143-000-0
942 _cKS
008 s pl f |000 0 pol
999 _c6700
_d6700
856 _uhttp://koha.tu.koszalin.pl/cgi-bin/koha/opac-detail.pl?biblionumber=6700
_yKatalog online BPK